| 000 | 00391nam a2200169Ia 4500 | ||
|---|---|---|---|
| 008 | 210210b1927 xxu||||| |||| 00| 0 eng d | ||
| 041 | _aeng | ||
| 082 | _a930/84 | ||
| 100 | _aMYRES (J L) | ||
| 245 | _aDawn of history | ||
| 260 |
_aLondon _bWilliams And Nortgate Limited _c1927 |
||
| 650 | _aof | ||
| 650 | _ahistory | ||
| 650 | _aDawn | ||
| 690 | _aAncient History | ||
| 906 | _a024995 | ||
| 999 |
_c150689 _d150689 |
||